| 000 | 01085cam a22003015a 4500 | ||
|---|---|---|---|
| 005 | 20091029000510.0 | ||
| 008 | 090911s2009 ii a b 001 0 eng d | ||
| 010 | _aENG-95312 | ||
| 020 |
_a9780198060000 _c795.00 |
||
| 020 |
_a0198060009 _c795.00 |
||
| 035 | _aEN-78845 | ||
| 037 | _aDBAD/PUB | ||
| 040 |
_aDPL _beng |
||
| 043 | _aa-ii--- | ||
| 082 |
_a341.45 _222 |
||
| 100 | _aSharma, O. P. | ||
| 245 |
_aThe international law of the sea : _bIndia and UN convention of 1982 / _cby O.P. Sharma. |
||
| 260 |
_aNew Delhi : _bOxford University Press, _c2009. |
||
| 300 |
_alix, 357 p. : _bill. ; _c22 cm.(Hb) |
||
| 500 | _aIncludes indexes. | ||
| 504 | _aIncludes bibliographical references (p. [337]-348). | ||
| 630 | _aUnited Nations Convention on the Law of the Sea | ||
| 650 | _aLaw of the sea. | ||
| 650 |
_aLaw of the sea _zIndia. |
||
| 942 |
_2ddc _cEN _mSHA |
||
| 999 |
_c31315 _d31315 |
||